LDR 01128naa#a2200265#i#450# 001 EN\\bibl\124561 005 20260604001851.4 011 ## _a2076-0655 100 ## _a20260529b2026####ek#y0engy0150####ca 101 0# _aRUS 102 ## _aRU 200 1# _aADHESIVE AND DEFORMATION PROPERTIES OF INDUSTRIAL POLYURETHANE MOUNTING FOAMS _eJournal article 210 1# _aMoscow _cIndividual Entrepreneur Svetlana Vasilievna Samchenko _d2026 215 ## _a9 с. 606 ## _aТехника и технологии строительства. 08.06.01 _2local 608 ## _aJournal article _2local 675 ## _aПолиуретан. 691.175.664 _zRUS 686 ## _aСтроительные материалы и изделия. 383 _2bbk 686 ## _aТеоретические и практические основы строительства. 541 _2tbk 686 ## _aСтроительные материалы и изделия. 67.09 _2grnti 700 #1 _aZolotarev _gMikhail Evgenievich 700 #1 _aStenechkina _gKseniya Sergeevna 700 #1 _aNalbandyan _gGrigor Vilenovich 700 #1 _aUshkov _gValentin Anatol'evich 856 4# _atsilicates.ru _u